00997nam a2200241Ia 4500003000900000008004100009040001600050080002000066111006600086245019100152260003300343300001500376650004100391650002800432650002100460650002400481700003300505700003400538710003700572942000700609999001500616952012400631IN-BaIIA211028s9999 xx 000 0 eng d cIIA Library a523.62-726bTHE aConference on the solar windcCaliforniad1964 Apr. 1-495745 4aThe solar windbproceedings of a conference held at the California Institute of Technology,Pasadena, California, U.S.A. April 1-4, 1964cedited by Robert J. Mackin and Marcia Neugebauer  aOxfordbPergamon Pressc1966 axxx, 400p. aAstronomy and astrophysics thesaurus aInterstellar wind95746 aSolar wind95747 aStellar winds95748 aMackin, Robert J., ed.95749 aNeugebauer, Marcia, ed.95750 aJet Propulsion Laboratory.95751 cBK c3237d3237 00104070aBANbBANcGENd1969-04-26g101.20l0o523.62-726/ THEp3595r2021-11-05v101.20w1969-04-26yBKGRs. 101.20